Tô Hoài Tuyển truyện ngắn sau năm 1945

Gardado en:
Detalles Bibliográficos
Formato: Libro
Idioma:Undetermined
Publicado: Hà Nội Văn học 1995
Các nhãn: Engadir etiqueta
Sen Etiquetas, Sexa o primeiro en etiquetar este rexistro!
Thư viện lưu trữ: Trung tâm Học liệu Trường Đại học Cần Thơ
LEADER 00407nam a2200145Ia 4500
001 CTU_32462
008 210402s9999 xx 000 0 und d
082 |a 895.922331 
082 |b T450/T2/1995 
245 0 |a Tô Hoài 
245 0 |b Tuyển truyện ngắn sau năm 1945 
260 |a Hà Nội 
260 |b Văn học 
260 |c 1995 
980 |a Trung tâm Học liệu Trường Đại học Cần Thơ